| 000 | 00492pab a2200181 454500 | ||
|---|---|---|---|
| 008 | 180718b2007 xxu||||| |||| 00| 0 eng d | ||
| 100 | _aJudd, Ellen R. | ||
| 245 | _aNo change for thirty years: the renewed question of women's land rights in rural China | ||
| 260 | _c2007 | ||
| 300 | _ap.689-710. | ||
| 362 | _aJul | ||
| 650 | _aLand tenure - China | ||
| 650 | _aWomens rights - China | ||
| 650 | _aWomens rights | ||
| 773 | _aDevelopment and Change | ||
| 908 | _aN | ||
| 909 | _a75641 | ||
| 999 |
_c75641 _d75641 |
||